Statistics for Countries That Produce The Most Cotton

Click here to take the quiz!

General Stats

  • This quiz has been taken 93 times
  • The average score is 12 of 20

Answer Stats

% Of World ProductionCountry% Correct
25.66China
96%
24.66India
93%
4.59Brazil
88%
0.70Mexico
87%
8.85Pakistan
83%
3.39Turkey
78%
0.77Argentina
77%
3.66Australia
76%
0.78Kazakhstan
71%
4.46Uzbekistan
70%
0.81Turkmenistan
65%
0.52Tajikistan
60%
11.58United States
58%
1.14Greece
47%
0.48Tanzania
47%
0.55Myanmar
43%
0.52Mali
25%
0.54Cote D I'vore
13%
1.14Burkina Faso
12%
0.44Benin
10%

Score Distribution

Percentile by Number Answered

Percent of People with Each Score

Your Score History

You have not taken this quiz